000 00283nam a2200121Ia 4500
008 191201s2009 xx 000 0 und d
100 _aAARY, Dayachand
245 0 _aAahvaan
260 _aN. delhi
_bParbhat Prakashan
_c2009
300 _a76
650 _aGeneral Books
942 _2ddc
_cBK
999 _c741
_d741